Every boy in Annie Wright Schools 2026 8th Grade - Statistics

General Stats
  • This quiz has been taken 5 times
  • The average score is 23 of 25
Answer Stats
Answer % Correct
Alex Smith
100%
Ashok Kumar
100%
Caleb Jenkins
100%
Calvin Motschman
100%
Finnigan Hosford
100%
Hudson Caine
100%
Hugo Barkin
100%
Jaiden Thomas
100%
Jarek Popochock
100%
Joseph Dago-oc
100%
Kyle Zautner
100%
Liam Guay
100%
Logan Benefield
100%
Louis Painter
100%
Nathaniel Azene
100%
Peter Crow
100%
Rishabh Sreejith
100%
Sage Ober
100%
Weston Severns
100%
Yiel Hwang
100%
Andrew Harris
67%
Chase Cooper
67%
Ethan Donato
67%
John Herrmann-Scholbe
67%
Eli Nelson Jr
33%
No matching quizzes found
Score Distribution
Percent of People with Each Score
Percentile by Number Answered
Your Score History
You have not taken this quiz